| 000 | 00652nam a2200241Ia 4500 | ||
|---|---|---|---|
| 003 | OSt | ||
| 005 | 20220923214759.0 | ||
| 006 | a|||||r|||| 00| 0 | ||
| 007 | ta | ||
| 008 | 220922b |||||||| |||| 00| 0 hin d | ||
| 024 | _a172,684 | ||
| 037 | _cTextual | ||
| 040 |
_aARTS _cARTS _bhin |
||
| 041 |
_2hin _ahin |
||
| 082 | _aO152,3NMA3,UK, L5 | ||
| 100 | _aमधुदीप | ||
| 245 | 0 | _aउजाले की ओर | |
| 246 | _aUjāle kī ora | ||
| 260 | _c1975 | ||
| 650 |
_aहिन्दी साहित्य _9156264 |
||
| 942 |
_hO152,3NMA3,UK, L5 _cTEXL _2CC |
||
| 999 |
_c326692 _d326692 |
||